| 000 | 01522nam2a22002651 4500 | ||
|---|---|---|---|
| 001 | v19\rc\1240863 | ||
| 005 | 20250617232433.0 | ||
| 035 | _a(NLR Aleph) 004398908 | ||
| 090 |
_a3851948 _c3851948 |
||
| 100 | _a20060306d1886 |||y0rusy50 ca | ||
| 101 | 0 | _arus | |
| 102 | _aRU | ||
| 105 | _aa z ||||d | ||
| 200 | 0 | _aДекабрь | |
| 210 |
_d1886 _aБ. м. |
||
| 215 |
_a159, [1] с. _cил. _d23 |
||
| 309 | _aНа издательской обложке: Декабрь, Январь, Февраль | ||
| 461 | 0 |
_1001v19\rc\1240861 _12001#$aИзбранныя житія святыхъ, кратко изложенныя по руководству Четіихъ-Миней$e(с изображениями святых)$f[Соч.] А.Н. Бахметевой$vДекабрь$90 _1700#1$3RU\NLR\AUTH\77873$aБахметева$bА. Н.$f1823-1901$gАлександра Николаевна _93851926 _aБахметева, А. Н. (1825-1901) _cМосква _d1886 _e10-е изд. _fсоставлено] А.Н. Бахметевой _nИздание книгопродавца А.Д. Ступина _o(с изображениями святых) : [Январь-Декабрь _p12 т. _tИзбранныя житія святыхъ, кратко изложенныя по руководству Четіихъ-Миней _vДекабрь$90 |
|
| 801 | 0 |
_aRU _bNLR _gpsbo |
|
| 801 | 1 |
_aRU _bProSoft-M _2rusmarc |
|
| 852 |
_aNLR _bМф _jК1/30800 |
||
| 852 |
_aNLR _j18.210.5.15 (12) |
||
| 942 | _cBOOK | ||
| 980 | _aNB | ||